Once upon Time/ (Record no. 203755)

MARC details
000 -LEADER
fixed length control field 00729nam a22002057a 4500
005 - DATE AND TIME OF LATEST TRANSACTION
control field 20240626154742.0
010 ## - LCCN (DPL NO)
LC control number B-759975
020 ## - INTERNATIONAL STANDARD BOOK NUMBER
Terms of availability 105.00
International Standard Book Number 9789325962996
035 ## - SYSTEM CONTROL NUMBER
System control number B-759975
037 ## - SOURCE OF ACQUISITION
Source of stock number/acquisition Gift/25.06.2024
082 ## - DEWEY DECIMAL CLASSIFICATION NUMBER
Classification number N
100 ## - MAIN ENTRY--PERSONAL NAME
Personal name Jha,Nilima
245 ## - TITLE STATEMENT
Title Once upon Time/
Statement of responsibility, etc by Nilima jha
260 ## - PUBLICATION, DISTRIBUTION, ETC. (IMPRINT)
Place of publication, distribution, etc New Delhi
Name of publisher, distributor, etc Madhubun Educational books
Date of publication, distribution, etc 2013
270 ## - ADDRESS
Address 576, Masjid road, jangpura
City New Delhi
Postal code 110014
300 ## - PHYSICAL DESCRIPTION
Extent 102p.
Dimensions 22cm(pbk)
520 ## - SUMMARY, ETC.
Summary, etc Collects anecdotes from teenagers about friendship, peer pressure, self-acceptance, family life, relationships, and overcoming obstacles.
942 ## - ADDED ENTRY ELEMENTS (KOHA)
Source of classification or shelving scheme Dewey Decimal Classification
Item type Children Books
Call number suffix DUM
Classification part N
Holdings
Withdrawn status Lost status Not for loan Collection code Home library Current library Date acquired Source of acquisition Cost, normal purchase price Full call number Barcode Copy number Cost, replacement price Koha item type
      Fiction Ashok Vihar Ashok Vihar 26/06/2024 Gift/25.06.2024 105.00 DUM N B-759975 1 105.00 Children Books

© Delhi Public Library
Hit Counter
free hit counter